James / (Record no. 21233)

MARC details
000 -LEADER
fixed length control field 01190cam a2200349 a 4500
001 - CONTROL NUMBER
control field 2071335
003 - CONTROL NUMBER IDENTIFIER
control field OSt
005 - DATE AND TIME OF LATEST TRANSACTION
control field 20260213160144.0
008 - FIXED-LENGTH DATA ELEMENTS--GENERAL INFORMATION
fixed length control field 941230r19951994ilu 000 0 eng
010 ## - LIBRARY OF CONGRESS CONTROL NUMBER
LC control number 94047149
020 ## - INTERNATIONAL STANDARD BOOK NUMBER
International Standard Book Number 0891078320
020 ## - INTERNATIONAL STANDARD BOOK NUMBER
International Standard Book Number 9780891078326
035 ## - SYSTEM CONTROL NUMBER
System control number 2071335
040 ## - CATALOGING SOURCE
Original cataloging agency DLC
Transcribing agency DLC
Modifying agency DLC
050 00 - LIBRARY OF CONGRESS CALL NUMBER
Classification number BS2785.3
Item number .M36 1995
082 00 - DEWEY DECIMAL CLASSIFICATION NUMBER
Classification number 227/.91077
Edition number 20
100 1# - MAIN ENTRY--PERSONAL NAME
Personal name Manton, Thomas,
Dates associated with a name 1620-1677.
245 10 - TITLE STATEMENT
Title James /
Statement of responsibility, etc. by Thomas Manton.
260 ## - PUBLICATION, DISTRIBUTION, ETC. (IMPRINT)
Place of publication, distribution, etc. Wheaton, Ill. :
Name of publisher, distributor, etc. Crossway Books,
Date of publication, distribution, etc. c1995.
300 ## - PHYSICAL DESCRIPTION
Extent 365 p. ;
Dimensions 22 cm.
336 ## - CONTENT TYPE
Content type term text
Content type code txt
Source rdacontent
337 ## - MEDIA TYPE
Media type term unmediated
Media type code n
Source rdamedia
338 ## - CARRIER TYPE
Carrier type term volume
Carrier type code nc
Source rdacarrier
440 #4 - SERIES STATEMENT/ADDED ENTRY--TITLE
Title The Crossway classic commentaries
500 ## - GENERAL NOTE
General note Previously published in Nottingham, England in 1994.
630 00 - SUBJECT ADDED ENTRY--UNIFORM TITLE
Uniform title Bible.
Name of part/section of a work James
General subdivision Commentaries.
856 42 - ELECTRONIC LOCATION AND ACCESS
Materials specified Publisher description
Uniform Resource Identifier <a href="http://www.loc.gov/catdir/enhancements/fy0912/94047149-d.html">http://www.loc.gov/catdir/enhancements/fy0912/94047149-d.html</a>
906 ## - LOCAL DATA ELEMENT F, LDF (RLIN)
a 7
b cbc
c orignew
d 1
e ocip
f 19
g y-gencatlg
942 ## - ADDED ENTRY ELEMENTS (KOHA)
Source of classification or shelving scheme Library of Congress Classification
Koha item type General Collection
Holdings
Withdrawn status Lost status Source of classification or shelving scheme Not for loan Home library Current library Shelving location Date acquired Source of acquisition Inventory number Total Checkouts Full call number Barcode Date last seen Copy number Price effective from Koha item type
    Library of Congress Classification   Kabarak, Main Campus Kabarak, Main Campus General Stacks 13/02/2026 Donation 2025/3481   BS2785.3 .M36 1995 C.1 38484 13/02/2026 C.1 13/02/2026 General Collection
Designed with assistance from East African Informatics Ltd